000 00308nam a22001217a 4500
020 _aNA
082 _222
_a294.382322
100 _aThera, Narada.
245 _aThe Dhammapada /
260 _bThe coporate body of the buddha educationd foundation.
_cc 1994.
300 _a333 p, ;
_bNA
_c 24 cm.
942 _2ddc
_cF
999 _c4297
_d4297